| 000 | 00669cam a2200193 a 4500 | ||
|---|---|---|---|
| 001 | 000004233 | ||
| 005 | 20200929151421.0 | ||
| 008 | 900427s1988 cu a s 001 0 spa | ||
| 040 |
_aDO-SdBNP _cDLC _dDLC |
||
| 082 |
_a796.83 _bA388p |
||
| 100 | 1 |
_aAlfonso, Jorge. _912508 |
|
| 245 | 1 | 0 |
_aPuños dorados : _bapuntes para la historia del boxeo en Cuba / _cJorge Alfonso; edición, Lina González Madlum. |
| 260 |
_aSantiago de Cuba : _bOriente, _c1988. |
||
| 300 |
_a233 p. : _bil. ; _c21 cm. |
||
| 650 | 4 |
_aBoxeo _zCuba _xHistoria _912509 |
|
| 650 | 4 |
_aBoxeo _xDocumentos _zCuba _912510 |
|
| 700 | 1 |
_aGonzález Madlum, Lina _eed. _912511 |
|
| 910 | _aCatalogación por copia / LC | ||
| 999 |
_c4047 _d4047 |
||